[Event "X Torneo Banco di Roma A"]
[Site "Roma ITA"]
[Date "1986.02.??"]
[Round "8"]
[White "Hernandez Onna, Roman"]
[Black "Andersson, Ulf"]
[WhiteElo "2450"]
[BlackElo "2585"]
[Result "1/2-1/2"]
[PlyCount "96"]
[EventDate "1986.02.15"]

1. d4 Nf6 2. Nf3 d5 3. c4 e6 4. Nc3 Nbd7 5. Bg5 h6 6. Bh4 Be7 7. e3 Ne4 8. Bxe7
Qxe7 9. Qc2 Nxc3 10. Qxc3 c6 11. Be2 O-O 12. O-O dxc4 13. Bxc4 b6 14. b4 Bb7
15. Be2 a5 16. a3 axb4 17. axb4 c5 18. bxc5 bxc5 19. Rxa8 Rxa8 20. Ra1 Rxa1+
21. Qxa1 Bxf3 22. gxf3 Qg5+ 23. Kf1 Qd5 24. dxc5 Qxc5 25. Qa8+ Nf8 26. f4 Qf5
27. Bf3 g5 28. fxg5 hxg5 29. Kg2 Kg7 30. Qe4 Qf6 31. Bh5 Nd7 32. Qd4 Qxd4 33.
exd4 Nf6 34. Bd1 Nd5 35. Kg3 Nc3 36. Bf3 f5 37. h3 Kf6 38. Bh5 Nb5 39. h4 g4
40. d5 exd5 41. f3 gxf3 42. Bxf3 d4 43. h5 Nd6 44. h6 Ne4+ 45. Kf4 Nc5 46. Be2
Ne6+ 47. Kg3 Nf8 48. Bd3 Kg5 1/2-1/2

[Event "X Torneo Banco di Roma A"]
[Site "Roma ITA"]
[Date "1986.02.??"]
[Round "8"]
[White "Kirov, Nino"]
[Black "Farago, Ivan"]
[WhiteElo "2485"]
[BlackElo "2520"]
[Result "0-1"]
[PlyCount "88"]
[EventDate "1986.02.15"]

1. Nf3 Nf6 2. g3 d5 3. Bg2 c6 4. O-O Bg4 5. c4 e6 6. cxd5 exd5 7. h3 Bf5 8. d3
Bc5 9. Qc2 Bb6 10. Nc3 h6 11. e4 Bh7 12. Na4 O-O 13. Nxb6 axb6 14. Nh4 Na6 15.
Be3 Re8 16. Rfd1 Qc7 17. Nf5 dxe4 18. dxe4 Bxf5 19. exf5 Rxe3 20. fxe3 Qxg3 21.
Qf2 Qe5 22. Rd4 Re8 23. Rad1 Qe7 24. e4 Kh7 25. Qf4 Nh5 26. Qg4 Nf6 27. Qf4 Nh5
28. Qf3 Nf6 29. Qb3 Qc7 30. Qc2 Nc5 31. b4 Ncd7 32. Qd2 Ne5 33. Qe2 b5 34. Kh1
Ra8 35. Rg1 Ra3 36. Rd2 Rg3 37. Rb2 Nf3 38. e5 Nxg1 39. Kxg1 Nd5 40. Rb3 Nf4
41. Qe4 Rxg2+ 42. Kh1 Qb6 43. Re3 Nd5 44. e6 Nf6 0-1

[Event "X Torneo Banco di Roma A"]
[Site "Roma ITA"]
[Date "1986.02.??"]
[Round "8"]
[White "Mariotti, Sergio"]
[Black "Sax, Gyula"]
[WhiteElo "2445"]
[BlackElo "2545"]
[Result "0-1"]
[PlyCount "70"]
[EventDate "1986.02.15"]

1. e4 c5 2. Nf3 d6 3. d4 Nf6 4. dxc5 Qa5+ 5. c3 Qxc5 6. Be3 Qa5 7. Nbd2 Nc6 8.
h3 g6 9. Nd4 Bg7 10. Be2 O-O 11. O-O d5 12. exd5 Nxd5 13. Nc4 Qc7 14. Nb5 Qd8
15. Qd2 Nxe3 16. Qxe3 Be6 17. Rfd1 Qc8 18. a4 Rd8 19. Qc5 Rxd1+ 20. Rxd1 b6 21.
Qe3 Qb7 22. Nba3 Rd8 23. Rxd8+ Nxd8 24. Qd2 Nc6 25. Bf3 Qc8 26. Qf4 h6 27. Qe4
Nd4 28. cxd4 Bxc4 29. Qxe7 Be6 30. Nb5 Qc1+ 31. Kh2 Qxb2 32. Qxa7 Qxf2 33. Qb8+
Kh7 34. Qf4 Bb3 35. Nc7 Bxd4 0-1

[Event "X Torneo Banco di Roma A"]
[Site "Roma ITA"]
[Date "1986.02.??"]
[Round "8"]
[White "Tatai, Stefano"]
[Black "Romero Holmes, Alfonso"]
[WhiteElo "2405"]
[BlackElo "2455"]
[Result "1-0"]
[PlyCount "55"]
[EventDate "1986.02.15"]

1. d4 Nf6 2. Nf3 g6 3. c4 Bg7 4. g3 O-O 5. Bg2 d6 6. O-O Nc6 7. Nc3 a6 8. b3
Rb8 9. Bb2 b5 10. cxb5 axb5 11. Rc1 b4 12. Na4 Na7 13. Ne1 Bb7 14. Nd3 Bxg2 15.
Kxg2 Nd5 16. Rc4 Qc8 17. e4 Nc3 18. Nxc3 bxc3 19. Bxc3 Qb7 20. Qf3 Nc8 21. d5
Nb6 22. Bxg7 Kxg7 23. Rc2 e6 24. Nb4 exd5 25. exd5 Nd7 26. Nc6 Ne5 27. Qc3 Qb5
28. Rd1 1-0

[Event "X Torneo Banco di Roma A"]
[Site "Roma ITA"]
[Date "1986.02.??"]
[Round "9"]
[White "Andersson, Ulf"]
[Black "Bukal, Vladimir sr"]
[WhiteElo "2585"]
[BlackElo "2465"]
[Result "1/2-1/2"]
[PlyCount "31"]
[EventDate "1986.02.15"]

1. c4 c5 2. Nc3 g6 3. g3 Bg7 4. Bg2 Nc6 5. Nf3 e6 6. e3 Nge7 7. d4 cxd4 8. Nxd4
d5 9. cxd5 Nxd4 10. exd4 Nxd5 11. Nxd5 exd5 12. Be3 Be6 13. O-O O-O 14. Qd2 Qd7
15. Rfc1 Rfc8 16. h4 1/2-1/2

[Event "X Torneo Banco di Roma A"]
[Site "Roma ITA"]
[Date "1986.02.??"]
[Round "9"]
[White "Farago, Ivan"]
[Black "Hernandez Onna, Roman"]
[WhiteElo "2520"]
[BlackElo "2450"]
[Result "1/2-1/2"]
[PlyCount "37"]
[EventDate "1986.02.15"]

1. d4 Nf6 2. c4 e6 3. Nf3 Bb4+ 4. Bd2 Qe7 5. g3 O-O 6. Bg2 Bxd2+ 7. Qxd2 d6 8.
Nc3 Re8 9. O-O e5 10. e4 Bg4 11. Nh4 Nc6 12. h3 Bd7 13. Nb5 Rec8 14. d5 Nd8 15.
Nc3 Ne8 16. Rae1 g6 17. f4 f6 18. Nf3 Nf7 19. Kh2 1/2-1/2

[Event "X Torneo Banco di Roma A"]
[Site "Roma ITA"]
[Date "1986.02.??"]
[Round "9"]
[White "Romero Holmes, Alfonso"]
[Black "Mariotti, Sergio"]
[WhiteElo "2455"]
[BlackElo "2445"]
[Result "1/2-1/2"]
[PlyCount "41"]
[EventDate "1986.02.15"]

1. e4 e5 2. Nf3 Nc6 3. Bc4 Bc5 4. O-O Nf6 5. d4 Nxd4 6. Nxe5 Ne6 7. Nc3 O-O 8.
Bd3 d6 9. Nc4 Re8 10. Kh1 Nf8 11. h3 c6 12. Bf4 d5 13. Nd2 Bd4 14. Qf3 Bxc3 15.
bxc3 dxe4 16. Nxe4 Nxe4 17. Bxe4 Be6 18. Rab1 Qe7 19. Rfe1 Ng6 20. Bxg6 hxg6
21. a4 1/2-1/2

[Event "X Torneo Banco di Roma A"]
[Site "Roma ITA"]
[Date "1986.02.??"]
[Round "9"]
[White "Sax, Gyula"]
[Black "Kirov, Nino"]
[WhiteElo "2545"]
[BlackElo "2485"]
[Result "1/2-1/2"]
[PlyCount "27"]
[EventDate "1986.02.15"]

1. e4 e6 2. d4 d5 3. Nd2 dxe4 4. Nxe4 Bd7 5. Nf3 Bc6 6. Bd3 Nd7 7. O-O Ngf6 8.
Qe2 Bxe4 9. Bxe4 Nxe4 10. Qxe4 c6 11. c4 Nf6 12. Qe2 Be7 13. b3 O-O 14. Bb2
1/2-1/2

[Event "X Torneo Banco di Roma A"]
[Site "Roma ITA"]
[Date "1986.02.??"]
[Round "9"]
[White "Sosonko, Gennadi P."]
[Black "Tatai, Stefano"]
[WhiteElo "2525"]
[BlackElo "2405"]
[Result "0-1"]
[PlyCount "126"]
[EventDate "1986.02.15"]

1. d4 Nf6 2. c4 e6 3. g3 Bb4+ 4. Bd2 Be7 5. Bg2 d5 6. Nf3 c6 7. Qb3 O-O 8. O-O
b6 9. Nc3 Bb7 10. Ne5 Nbd7 11. Bf4 Nxe5 12. Bxe5 Qd7 13. Rfd1 Ba6 14. Qa4 Bxc4
15. b3 Bb5 16. Nxb5 cxb5 17. Qa6 Rfc8 18. f3 Rc2 19. Rac1 Qc8 20. Qxc8+ Raxc8
21. Bf4 h6 22. Bf1 Ba3 23. Rxc2 Rxc2 24. Rd2 Rc3 25. Rd1 a6 26. Kf2 g5 27. Be3
Ne8 28. h4 f6 29. hxg5 hxg5 30. Bh3 Kf7 31. Bg4 Nd6 32. Rh1 f5 33. Bh3 Kg6 34.
Bg2 Nf7 35. Rd1 a5 36. Bh3 Nd6 37. Bg2 b4 38. Rh1 Nf7 39. Rd1 Bb2 40. Bd2 Rc2
41. Ke3 Bc3 42. Bxc3 bxc3 43. a4 Rb2 44. Rc1 Rxb3 45. Kd3 Nd6 46. Rxc3 Rxc3+
47. Kxc3 g4 48. fxg4 fxg4 49. Kd3 Kf6 50. Ke3 Nf5+ 51. Kf4 Nxd4 52. e4 Ne2+ 53.
Ke3 Nxg3 54. exd5 exd5 55. Bxd5 Ke5 56. Bb7 Nf5+ 57. Kd3 g3 58. Ba8 Kf4 59. Ke2
Nd4+ 60. Kf1 b5 61. axb5 Nxb5 62. Ke2 a4 63. Kd3 a3 0-1